000 01134nam a2200253 u 4500
001 000003224
005 20240228135320.0
008 090707t2001 dr a 001 0 spa d
020 _a9993483303
040 _aDO-SdBNP
_bspa
_cBNPHU
082 _a327.729307294
_bP127r
100 1 _aPáez Piantini, William,
_d1937-
_970367
245 1 0 _aRelaciones domínico-haitianas :
_b300 años de historia /
_cWilliam Páez Piantini ; presentación Miguel Antonio Rodríguez Cabrer.
260 _aSanto Domingo :
_bSecretaría de Estado de Relaciones Exteriores.
_bEscuela Diplomática y Consular,
_c2001.
_fCentenario,
300 _a384 p. :
_bil. ;
_c23 cm.
590 _aInventariado, 2018/BT
651 4 _aRepública Dominicana
_xHistoria
_9170
651 4 _aRepública Dominicana
_xRelaciones Exteriores
_zHaití
_92233
651 4 _aHaití
_xRelaciones Exteriores
_zRepública Dominicana
_92234
651 4 _aRepública Dominicana
_xEmigración E Inmigración
_zHistoria
_910167
651 4 _aHaití
_xEmigración E Inmigración
_zHistoria
_910168
700 1 _aRodríguez Cabrer, Miguel Antonio
_92259
910 _aValidado. Control de calidad. EMS
999 _c3055
_d3055